000 00249nam a22000977a 4500
082 _a355 ISL'A
245 _aISLAMIC WORLD DEFENCE QUARTELY REVIEW OF ISLAMIC MILITARY AFFAIRS
260 _aENGLAND
_bAL-HUSSAINI
_c1983
300 _aVOL-2
942 _cBK
999 _c580677
_d580677